| 000 | 00656nam a2200217 u 4500 | ||
|---|---|---|---|
| 005 | 20240320063714.0 | ||
| 008 | 110211s2009 es r 000 0 spa d | ||
| 020 | _a9788492516513 | ||
| 035 | _aUPN01000179374 | ||
| 049 | _aCG | ||
| 050 | 4 |
_aPS3552 R7.8 _bA5.3 |
|
| 100 | 1 |
_aBrown, Dan, _d1964- _930967 |
|
| 245 | 1 | 0 |
_aAngeles y demonios / _cDan Brown ; tr. Eduardo G. Murillo. |
| 260 |
_aBarcelona, Esp. : _bUrano, _c2009. |
||
| 300 | _a725 p. | ||
| 440 | 0 |
_aBooks4pocket. _pNarrativa ; _v150 |
|
| 534 |
_pTÃtulo original: _tAngels & demons |
||
| 650 | 4 |
_aNovela estadounidense _94462 |
|
| 610 | 2 | 4 |
_aIGLESIA CATOLICA - _vNOVELA _918256 |
| 905 | _aLibro | ||
| 999 |
_c151477 _d151477 |
||